Probability and statistics for engineering and the sciences (Record no. 7740)
[ view plain ]
| 000 -LEADER | |
|---|---|
| fixed length control field | 00604 a2200181 4500 |
| 020 ## - INTERNATIONAL STANDARD BOOK NUMBER | |
| International Standard Book Number | 0534372813 |
| 040 ## - CATALOGING SOURCE | |
| Original cataloging agency | DLC |
| 082 00 - DEWEY DECIMAL CLASSIFICATION NUMBER | |
| Classification number | 519.5 |
| 100 1# - MAIN ENTRY--PERSONAL NAME | |
| Personal name | Devore, Jay L. |
| 245 10 - TITLE STATEMENT | |
| Title | Probability and statistics for engineering and the sciences |
| Statement of responsibility, etc. | Jay L. Devore. |
| 250 ## - EDITION STATEMENT | |
| Edition statement | 5th ed. |
| 260 ## - PUBLICATION, DISTRIBUTION, ETC. | |
| Place of publication, distribution, etc. | Pacific Grove, CA : |
| Name of publisher, distributor, etc. | Duxbury |
| Date of publication, distribution, etc. | c2000. |
| 300 ## - PHYSICAL DESCRIPTION | |
| Extent | xvi, 775 p. : |
| Other physical details | ill. ; |
| Dimensions | 25 cm. + |
| Accompanying material | 1 computer optical disc (4 3/4 in.) |
| 538 ## - SYSTEM DETAILS NOTE | |
| System details note | System requirements for accompanying computer disc: Windows 95 or later. |
| 650 #0 - SUBJECT ADDED ENTRY--TOPICAL TERM | |
| Topical term or geographic name entry element | Probabilities. |
| 650 #0 - SUBJECT ADDED ENTRY--TOPICAL TERM | |
| Topical term or geographic name entry element | Mathematical statistics. |
| 942 ## - ADDED ENTRY ELEMENTS (KOHA) | |
| Koha item type | Book |
| Call number prefix | 519.5 DEV |
| Source of classification or shelving scheme | |
| Withdrawn status | Lost status | Damaged status | Not for loan | Collection code | Permanent Location | Current Location | Shelving location | Date acquired | Source of acquisition | Cost, normal purchase price | Total Checkouts | Full call number | Barcode | Date last seen | Date last checked out | Price effective from | Koha item type |
|---|---|---|---|---|---|---|---|---|---|---|---|---|---|---|---|---|---|
| Central Library (CL) | Central Library (CL) | General Stacks | 07/24/2002 | Pak Book Corporation | 1359.49 | 4 | 519.5 DEV | SEECS002210 | 11/19/2025 | 09/15/2023 | 01/05/2017 | Book |
